000
00235nam a2200097Ia 4500
001
1205367
005
20250827022745.0
008
250824s9999 xx 000 0 und d
245
0
_a
PONYFEE
_c
BARBARA ZOSCHKE
260
_b
MARTI YAYINCILIK
999
_c
1205367
_d
1205367